000 00626 a2200193 4500
001 61457
005 20260407155905.0
008 260407a1976 arg spa d
003 AR-UNSa-BCEJYS
040 _aAR-UNSa-BCEJYS
_bspa
_cAR-UNSa-BCEJYS
080 _a343.533.6
_xCompetencia ilĂ­cita. Sabotaje al rival. Publicidad deshonesta. Soborno a clientes (Concurrencia Desleal)
245 1 0 _aDelitos de concurrencia desleal
264 1 _aBuenos Aires :
_bEdiciones Depalma
_c1976
300 _axxxii, 251 p.
_c23 cm.
041 _aspa
942 _cBK
590 _aniveau_biblio:m niveau_hierar:0
100 1 _aDelmanto, Celso
999 _c7321
_d7321